000 00683nam a22001937a 4500
005 20251108175237.0
008 250721s2014 xx 000 0 ara d
082 1 4 _a814/طنا
100 1 _aالطناحي، محمود محمد
245 1 0 _aصيحة في سبيل العربية : مقالات من أجل نهضة العربية و ثقافتها /
264 1 _aعمان :
_bأروقة للدراسات و النشر،
_c2014.
300 _a357ص.
650 1 7 _aالمقالات الادبية
650 1 7 _aالادب العربي
650 1 7 _aالنهضة العربية
700 1 _aعبد الرحيم، أحمد
_eمحرر
942 _2ddc
_cBK
999 _c129571
_d129571